Egyptian pottery /

Saved in:

Main Author: Hope, Colin A.

Format: Book

Language: English

Published: Princes Risborough, Buckinghamshire, UK : Shire, 2001.

Edition: 2nd ed.

Series: Shire Egyptology ; 5.
ShirEgypt ; 5.

Subjects:

Tags: Add Tag

No Tags, Be the first to tag this record!

Call Number: DT57 .S25 v.5 2001

LEADER 00926cam a2200337 a 4500
001 13650227
003 OSt
005 20260428080948.0
008 040709s2001 enkab b 001 0 eng
010 |a  2005362715 
015 |a GBA1-Y3711 
020 |a 074780494X 
035 |a 13650227 
035 |a (OCoLC)46650453 
040 |c ARCE Library 
042 |a lccopycat 
043 |a f-ua--- 
050 4 |a DT57 .S25 v.5 2001 
100 1 |a Hope, Colin A. 
245 1 0 |a Egyptian pottery /  |c Colin A. Hope. 
250 |a 2nd ed. 
260 |a Princes Risborough, Buckinghamshire, UK :  |b Shire,  |c 2001. 
300 |a 64 pages :   |b ill., map ;   |c 21 cm. 
490 0 |a Shire Egyptology ;   |v 5. 
490 0 |a ShirEgypt ;   |v 5. 
504 |a Includes bibliographical references (p. 60) and index. 
650 0 |a Pottery, Egyptian. 
650 0 |a Pottery, Ancient  |z Egypt. 
901 |a reviewed 
942 |2 lcc  |c BK 
999 |c 62188  |d 62188